000 00572nam a2200229Ia 4500
008 210210b2011 xxu||||| |||| 00| 0 eng d
020 _a9788184898941
041 _aeng
082 _a006.32 LIVA
100 _aLIVINGSTONE (David J) Ed
245 _aArtificial neural networks: methods and applications
260 _aNew Delhi
_bHumana Press
_c2011
300 _aix, 253
650 _aneural
650 _anetworks:
650 _amethods
650 _aArtificial
650 _aapplications
650 _aand
690 _aComputer Science
906 _a067133
999 _c149487
_d149487